000
003140000a22001450004500
003
MACL
040
_a
MACL
090
_c
31698
_d
31696
100
_a
Deitel, H M
245
_a
C How to Program
260
_b
Pearson Education
_c
2001
350
_a
595
650
_a
Computer Programming
942
_c
BOOK
_k
005.133/DEI
999
_c
31378
_d
31378